Quiz piłkarski bardzo ciężki - Statystyki

Ogólne statystyki
  • Ten quiz został rozwiązany 18 razy
  • Średni wynik to 4 z 15
Statystyki odpowiedzi
Zagadnienie Odpowiedź % Poprawnych
Ile trwał najdłuższy trening Jurka Dudka z Liverpoolem bez przerwy 3h 10m
41%
Jakiej marki był pierwszy zegarek który Lionel Messi kupił za pensje barcelony Seiko
41%
Z kim spał na jednym łóżku w akademii Jakub Moder gdy miał 14 lat Tymoteusz Puchacz
41%
Ile gram ważył pierwszy but Nike Tiempo w którym grał Ronaldinho 280g
35%
Z kim Robert Lewandowski dzielił pokój na PIERWSZYM zgrupowaniu u-17 Grzegorz Krychowiak
35%
Jakie miejsce zajął Cristiano Ronaldo W szkolnym biegu na 60m mając 12 lat 1
29%
Jakie były 3 ostatnie cyfry tablicy rejestracyjnej ferrari Neymara w Barcelonie 777
29%
Co Wojciech Szczęsny kupił na stacji benzynowej dzień przed meczem z Ukrainą w 2013r Kawę z mlekiem
29%
Jakim samochodem jeździł Diego Simeone w 2003r. Jako zawodnik Atlético Peugeot Coupe
29%
Jakie studia rozpoczął przez chwilę były reprezentant polski Marcin Wasilewski Fizjoterapia
24%
Co powiedział Zlatan Ibrachimovic do swojego lustra mając 10 lat Jestem legendą
24%
Jaką pizzę zamówił Mario Balotelli po meczu w którym strzelił Hat-tricka Margarita z podwójnym serem
24%
Co znajdowało się w szafce Leo Messiego w szatni podczas 2014 mś Figurki Dragon Ball
12%
Jak nazywał się Pies Sergio Ramos a którego miał w 2010r Jagger
12%
Jakiego koloru miał skarpetki Kylian Mbappé w debiucie w Monaco Granatowe
0%
Nie znaleziono quizów pasujących do podanych kryteriów
Rozkład punktacji
Procent ludzi z każdym wynikiem
Percentyl według liczby udzielonych odpowiedzi
Twoja historia wyników
Nie rozwiązałeś tego quizu